| 000 | 00689nam a22002417a 4500 | ||
|---|---|---|---|
| 999 |
_c7061 _d7061 |
||
| 001 | 7061 | ||
| 003 | BD-JhCC | ||
| 005 | 20180419190652.0 | ||
| 008 | 180204s1956 xxu |||| |||| 00| 0 eng d | ||
| 035 | _a(BD-JhCC)7061 | ||
| 040 |
_aBD-JhCC _dBD-JhCC |
||
| 041 | _aeng | ||
| 082 |
_a330 _bROB 1956 |
||
| 100 | _aRobinson, Marshall A. | ||
| 245 |
_aAn Introduction To Economic Reasoning / _cMarshall A. Robinson, Herbert C. Morton and James D. Calderwood |
||
| 260 |
_aUSA : _bThe Brookings Institution, _c1956. |
||
| 300 |
_a335 p. : _c23 cm. |
||
| 500 | _aIncludes Index | ||
| 650 | _aEconomics | ||
| 700 | _aMorton, Herbert C. | ||
| 700 | _aCalderwood, James D. | ||
| 942 |
_2ddc _cBK |
||